[Event "SA-2011-0-00209"]
[Site "LSS email"]
[Date "2011.08.11"]
[Round "?"]
[White "Stilman, Eduardo"]
[Black "Moreira, Jose Americo Paiva"]
[Result "0-1"]
[WhiteElo "2072"]
[BlackElo "1750"]
[PlyCount "55"]
[EventDate "2011.07.26"]
[EventType "tourn (corr)"]
[EventRounds "6"]
[EventCountry "GER"]
[SourceTitle "Telechess CBM 153"]
[Source "ChessBase"]
[SourceDate "2013.03.14"]
[SourceVersion "1"]
[SourceVersionDate "2013.03.14"]
[SourceQuality "1"]

1. d4 d5 2. c4 dxc4 3. e4 e5 4. Nf3 exd4 5. Bxc4 Nc6 6. 0-0 Be6 7. Bb5 Bc5 8. b4 Bb6 9. a4 a5 10. bxa5 Rxa5 11. Ng5 Bd7 12. Na3 h6 13. Nf3 Ra8 14. Nc4 Bc5 15. Ba3 Bxa3 16. Rxa3 Nge7 17. Rd3 Bg4 18. Nce5 Bxf3 19. Nxf3 0-0 20. Nxd4 Qb8 21. Nxc6 Nxc6 22. Bxc6 bxc6 23. Rd4 c5 24. Rc4 Qb2 25. g3 Rfd8 26. Qb1 Qxb1 27. Rxb1 Rd4 28. Rxc5 0-1

[Event "SM-2011-0-00167"]
[Site "LSS email"]
[Date "2011.08.07"]
[Round "?"]
[White "Buzas, Gyula"]
[Black "Stilman, Eduardo"]
[Result "1-0"]
[WhiteElo "2263"]
[BlackElo "2072"]
[PlyCount "41"]
[EventDate "2011.07.10"]
[EventType "tourn (corr)"]
[EventRounds "6"]
[EventCountry "GER"]
[SourceTitle "Telechess CBM 155"]
[Source "ChessBase"]
[SourceDate "2013.07.16"]
[SourceVersion "1"]
[SourceVersionDate "2013.07.16"]
[SourceQuality "1"]

1. d4 e6 2. e4 d5 3. Nc3 Nf6 4. Bg5 dxe4 5. Nxe4 Nbd7 6. Nf3 h6 7. Nxf6+ Nxf6 8. Bh4 c5 9. Bb5+ Bd7 10. Bxd7+ Qxd7 11. Qe2 Be7 12. dxc5 0-0 13. 0-0 Bxc5 14. Bxf6 gxf6 15. Rad1 Qc7 16. Rd3 Rfd8 17. Rc3 b6 18. g3 Rd5 19. Rd1 Rad8 20. Rxd5 Rxd5 21. Rd3 1-0

[Event "RA-2011-0-00136"]
[Site "LSS email"]
[Date "2011.06.09"]
[Round "?"]
[White "Stilman, Eduardo"]
[Black "Daanen, Aard"]
[Result "1/2-1/2"]
[WhiteElo "1990"]
[BlackElo "2085"]
[PlyCount "122"]
[EventDate "2011.05.16"]
[EventType "tourn (corr)"]
[EventRounds "6"]
[EventCountry "GER"]
[SourceTitle "Telechess CBM 147"]
[Source "ChessBase"]
[SourceDate "2012.03.16"]
[SourceVersion "1"]
[SourceVersionDate "2012.03.16"]
[SourceQuality "1"]

1. e4 e5 2. Nf3 Nc6 3. Bc4 Bc5 4. b4 Bxb4 5. c3 Bd6 6. d4 Nf6 7. 0-0 0-0 8. Re1 h6 9. Nbd2 Re8 10. Qb3 Re7 11. Bd3 b6 12. Bb2 a5 13. Nc4 a4 14. Qd1 a3 15. Bc1 Re8 16. d5 Na5 17. Nxd6 cxd6 18. Nh4 Nxd5 19. Nf5 Nf4 20. Bf1 Re6 21. g3 Ng6 22. Bxa3 Nb7 23. Bxd6 Nxd6 24. Nxd6 Qf6 25. Nf5 Rc6 26. Ne3 Ne7 27. Qd2 Rc7 28. Reb1 Ba6 29. c4 Bb7 30. Qd3 Nc8 31. Rb5 Qe6 32. a3 Bc6 33. Nd5 Rca7 34. Rb4 Qd6 35. Qc3 Ra4 36. Bd3 f6 37. Rxa4 Bxa4 38. Rb1 Qc5 39. Rb4 Bc6 40. Qb3 Bxd5 41. exd5 Kf7 42. a4 Ra5 43. Kg2 g6 44. h4 h5 45. Qb1 f5 46. Bxf5 gxf5 47. Qxf5+ Ke7 48. Qxe5+ Kd8 49. Rb5 Qxc4 50. Rxa5 bxa5 51. d6 Qc6+ 52. Kg1 Nxd6 53. Qxa5+ Kc8 54. Qxh5 Qxa4 55. Qc5+ Qc6 56. Qxc6+ dxc6 57. g4 Kd7 58. f3 Ke6 59. Kf2 c5 60. Ke2 c4 61. h5 Kf6 1/2-1/2

[Event "RA-2011-0-00136"]
[Site "LSS email"]
[Date "2011.06.09"]
[Round "?"]
[White "Stilman, Eduardo"]
[Black "Ramponelli, Roberto"]
[Result "1/2-1/2"]
[WhiteElo "1990"]
[BlackElo "2068"]
[PlyCount "116"]
[EventDate "2011.05.16"]
[EventType "tourn (corr)"]
[EventRounds "6"]
[EventCountry "GER"]
[SourceTitle "Telechess CBM 147"]
[Source "ChessBase"]
[SourceDate "2012.03.16"]
[SourceVersion "1"]
[SourceVersionDate "2012.03.16"]
[SourceQuality "1"]

1. e4 Nf6 2. e5 Nd5 3. d4 d6 4. Nf3 g6 5. Bc4 Nb6 6. Bb3 Bg7 7. Ng5 e6 8. Qf3 Qd7 9. Ne4 dxe5 10. Nf6+ Bxf6 11. Qxf6 Rg8 12. dxe5 Qd4 13. Nc3 N8d7 14. Qg5 h6 15. Qg3 Qxe5+ 16. Qxe5 Nxe5 17. Bxh6 Bd7 18. Bf4 Nec4 19. Bxc7 Bc6 20. Bxb6 Nxb6 21. f3 Rc8 22. Rd1 a5 23. a3 Ke7 24. Kf2 Nd7 25. Ba2 b5 26. Rd4 Rb8 27. Ne2 Rgc8 28. c3 b4 29. axb4 axb4 30. cxb4 Ne5 31. Rhd1 Be8 32. Bb3 Nc6 33. Rc4 Rxb4 34. Rxb4 Nxb4 35. f4 Bc6 36. g3 Rb8 37. Rd2 Nd5 38. Nd4 Ba8 39. Bc4 Nf6 40. Ke3 Ng4+ 41. Kd3 Rh8 42. h4 Rd8 43. b3 Nf6 44. Re2 Nh5 45. Re3 Kd6 46. Kc3 Kc7 47. Rd3 Kb6 48. Ne2 Rxd3+ 49. Kxd3 Bf3 50. Nd4 Bg4 51. Bb5 Nxg3 52. Be8 Nf5 53. Bxf7 Nxh4 54. Nxe6 Ng2 55. Ke4 Bd1 56. Nf8 Kc5 57. Nxg6 Bc2+ 58. Ke5 Nxf4 1/2-1/2

[Event "RA-2011-0-00132"]
[Site "LSS email"]
[Date "2011.05.17"]
[Round "?"]
[White "Stilman, Eduardo"]
[Black "Skeels, Jim"]
[Result "1/2-1/2"]
[WhiteElo "2072"]
[BlackElo "2230"]
[PlyCount "58"]
[EventDate "2011.04.05"]
[EventType "tourn (corr)"]
[EventRounds "6"]
[EventCountry "GER"]
[SourceTitle "Telechess CBM 151"]
[Source "ChessBase"]
[SourceDate "2012.11.13"]
[SourceVersion "1"]
[SourceVersionDate "2012.11.13"]
[SourceQuality "1"]

1. e4 c6 2. c4 d5 3. exd5 cxd5 4. cxd5 Nf6 5. Nc3 Nxd5 6. Nf3 Nc6 7. d4 Bg4 8. Qb3 Bxf3 9. gxf3 Nb6 10. Be3 e6 11. 0-0-0 Be7 12. d5 exd5 13. Nxd5 Nxd5 14. Rxd5 Qc7 15. Kb1 0-0 16. f4 Nb4 17. Re5 Bd6 18. Re4 Rad8 19. Bg2 Nc6 20. Ra4 Rfe8 21. Rc1 Qe7 22. a3 Rb8 23. Qc2 Qf6 24. Be4 h6 25. Qc3 Qxc3 26. Rxc3 b5 27. Bxc6 Rxe3 28. fxe3 bxa4 29. Rd3 Rd8 1/2-1/2

[Event "RA-2011-0-00132"]
[Site "LSS email"]
[Date "2011.05.16"]
[Round "?"]
[White "Sigurdsson, Johann Helgi"]
[Black "Stilman, Eduardo"]
[Result "1/2-1/2"]
[WhiteElo "2227"]
[BlackElo "2072"]
[PlyCount "51"]
[EventDate "2011.04.05"]
[EventType "tourn (corr)"]
[EventRounds "6"]
[EventCountry "GER"]
[SourceTitle "Telechess CBM 151"]
[Source "ChessBase"]
[SourceDate "2012.11.13"]
[SourceVersion "1"]
[SourceVersionDate "2012.11.13"]
[SourceQuality "1"]

1. c4 Nf6 2. g3 c6 3. Bg2 e5 4. d4 exd4 5. Qxd4 d5 6. Nf3 Be6 7. 0-0 dxc4 8. Qxd8+ Kxd8 9. Ng5 Nbd7 10. Rd1 Ke8 11. Nd2 Nb6 12. Nxe6 fxe6 13. Nf3 Be7 14. Bh3 Ne4 15. Bxe6 Bc5 16. Rf1 Rf8 17. Bf4 Ke7 18. Bg4 Nd5 19. e3 Rad8 20. Rac1 b5 21. Kg2 Kf6 22. Be5+ Kg6 23. Bd4 Kh6 24. Ne5 Bxd4 25. exd4 Rd6 26. Rce1 1/2-1/2

[Event "SA-2011-0-00191"]
[Site "LSS email"]
[Date "2011.05.01"]
[Round "?"]
[White "Lund, Jens Dahlen"]
[Black "Stilman, Eduardo"]
[Result "1/2-1/2"]
[WhiteElo "2105"]
[BlackElo "2072"]
[PlyCount "78"]
[EventDate "2011.03.29"]
[EventType "tourn (corr)"]
[EventRounds "6"]
[EventCountry "GER"]
[SourceTitle "Telechess CBM 149"]
[Source "ChessBase"]
[SourceDate "2012.07.17"]
[SourceVersion "1"]
[SourceVersionDate "2012.07.17"]
[SourceQuality "1"]

1. d4 Nf6 2. c4 g6 3. Nc3 d5 4. cxd5 Nxd5 5. e4 Nxc3 6. bxc3 Bg7 7. Bc4 0-0 8. Ne2 c5 9. 0-0 Nc6 10. Be3 Bd7 11. Rb1 Qc7 12. Bd3 Rad8 13. Qc1 Be6 14. Bf4 Qc8 15. d5 Ne5 16. Bc2 Bd7 17. Bh6 Bxh6 18. Qxh6 b6 19. Rfe1 Rfe8 20. Qg5 f6 21. Qg3 Kh8 22. Nf4 Qa6 23. Nd3 Nc4 24. h4 Qa5 25. Nf4 Ne5 26. Bd1 b5 27. Qe3 c4 28. Re2 Qb6 29. Qd4 Rb8 30. Reb2 Qxd4 31. cxd4 Nf7 32. Ne2 Rb6 33. Nc3 Reb8 34. a3 Kg7 35. Be2 h5 36. g3 Nd6 37. Kf1 R6b7 38. Bf3 a6 39. Kg1 Rd8 1/2-1/2

[Event "SA-2011-0-00191"]
[Site "LSS email"]
[Date "2011.05.01"]
[Round "?"]
[White "Nichols, Scott"]
[Black "Stilman, Eduardo"]
[Result "1-0"]
[WhiteElo "2240"]
[BlackElo "2072"]
[PlyCount "61"]
[EventDate "2011.03.29"]
[EventType "tourn (corr)"]
[EventRounds "6"]
[EventCountry "GER"]
[SourceTitle "Telechess CBM 149"]
[Source "ChessBase"]
[SourceDate "2012.07.17"]
[SourceVersion "1"]
[SourceVersionDate "2012.07.17"]
[SourceQuality "1"]

1. e4 e5 2. Nf3 d6 3. d4 Nf6 4. Nc3 Nbd7 5. Bc4 Be7 6. 0-0 0-0 7. a4 a6 8. h3 h6 9. Be3 b6 10. Qd3 Bb7 11. Rad1 c6 12. Ba2 exd4 13. Bxd4 Nh7 14. Rfe1 b5 15. b4 Qc7 16. e5 d5 17. e6 Ndf6 18. exf7+ Rxf7 19. Ne5 Bxb4 20. Nxf7 Qxf7 21. Qe3 Nf8 22. Bxf6 Qxf6 23. Ne4 Qe7 24. c3 Ba3 25. Qb6 Rb8 26. axb5 axb5 27. Ng3 Qf7 28. Re3 Nd7 29. Qc7 Rf8 30. Ne4 Nf6 31. Nxf6+ 1-0

[Event "SA-2011-0-00191"]
[Site "LSS email"]
[Date "2011.04.30"]
[Round "?"]
[White "Stilman, Eduardo"]
[Black "Kolanek, Roman"]
[Result "1-0"]
[WhiteElo "2072"]
[BlackElo "2037"]
[PlyCount "71"]
[EventDate "2011.03.29"]
[EventType "tourn (corr)"]
[EventRounds "6"]
[EventCountry "GER"]
[SourceTitle "Telechess CBM 149"]
[Source "ChessBase"]
[SourceDate "2012.07.17"]
[SourceVersion "1"]
[SourceVersionDate "2012.07.17"]
[SourceQuality "1"]

1. c4 c5 2. Nf3 Nc6 3. d4 cxd4 4. Nxd4 e5 5. Nb5 d6 6. N1c3 a6 7. Na3 Nf6 8. g3 h6 9. Bg2 Be7 10. Nc2 0-0 11. 0-0 Be6 12. Ne3 Rc8 13. Ned5 Bg4 14. h3 Bf5 15. b3 Re8 16. Nxe7+ Qxe7 17. Ba3 Red8 18. Rc1 Qd7 19. Kh2 Qe6 20. Qd2 b5 21. cxb5 axb5 22. Nxb5 d5 23. e3 Bg6 24. Rfd1 Kh7 25. Bb2 Ne4 26. Qe1 f6 27. a4 f5 28. f3 Nf6 29. Rc3 Be8 30. Rdc1 Rd7 31. Rc5 Rb7 32. Qc3 Rb6 33. a5 Ra6 34. b4 Bd7 35. Na3 Raa8 36. a6 1-0

[Event "SA-2011-0-00191"]
[Site "LSS email"]
[Date "2011.04.30"]
[Round "?"]
[White "Stilman, Eduardo"]
[Black "Meissner, Ruediger"]
[Result "1/2-1/2"]
[WhiteElo "2072"]
[BlackElo "2139"]
[PlyCount "35"]
[EventDate "2011.03.29"]
[EventType "tourn (corr)"]
[EventRounds "6"]
[EventCountry "GER"]
[SourceTitle "Telechess CBM 149"]
[Source "ChessBase"]
[SourceDate "2012.07.17"]
[SourceVersion "1"]
[SourceVersionDate "2012.07.17"]
[SourceQuality "1"]

1. d4 d5 2. c4 c6 3. Nf3 Nf6 4. Qc2 g6 5. Bf4 dxc4 6. Qxc4 Bg7 7. g3 0-0 8. Bg2 Qb6 9. Qc1 Nd5 10. Bg5 Bg4 11. Nbd2 Nd7 12. 0-0 h6 13. Nc4 Qa6 14. Bd2 Rfd8 15. Rd1 Rac8 16. h3 Bxf3 17. Bxf3 Nf8 18. e4 1/2-1/2

[Event "RM-2011-0-00073"]
[Site "LSS email"]
[Date "2011.04.11"]
[Round "?"]
[White "Majer, Damir"]
[Black "Stilman, Eduardo"]
[Result "1/2-1/2"]
[WhiteElo "2217"]
[BlackElo "2088"]
[PlyCount "87"]
[EventDate "2011.03.02"]
[EventType "tourn (corr)"]
[EventRounds "6"]
[EventCountry "GER"]
[SourceTitle "Telechess CBM 147"]
[Source "ChessBase"]
[SourceDate "2012.03.16"]
[SourceVersion "1"]
[SourceVersionDate "2012.03.16"]
[SourceQuality "1"]

1. c4 Nf6 2. g3 g6 3. Bg2 d5 4. cxd5 Nxd5 5. Nc3 Nxc3 6. bxc3 Bg7 7. Rb1 Nc6 8. Nf3 0-0 9. 0-0 b6 10. Qc2 Bb7 11. d4 Na5 12. c4 Qd7 13. Bd2 Rab8 14. Rfd1 Qe6 15. Rbc1 Be4 16. Qc3 Bxf3 17. Qxf3 Nxc4 18. Bf4 b5 19. e3 Rfc8 20. Qd5 Qxd5 21. Bxd5 Nb6 22. Bf3 Nc4 23. Be2 f6 24. h4 Kf8 25. Bg4 f5 26. Be2 Nd6 27. Rc6 Rb6 28. Rdc1 Ne8 29. R1c5 Rcb8 30. Bxc7 Nxc7 31. Rxc7 a6 32. Bf3 Rd6 33. Ra7 Bf6 34. Kg2 h5 35. Rcc7 Rbb6 36. a3 Kf7 37. Bb7 Kg7 38. Kf3 Kh6 39. Kf4 Kg7 40. Bc8 Kh6 41. Kf3 Kg7 42. Ke2 Kf7 43. Kd3 f4 44. Ra8 1/2-1/2

[Event "RM-2011-0-00073"]
[Site "LSS email"]
[Date "2011.04.03"]
[Round "?"]
[White "Stilman, Eduardo"]
[Black "Bernal Varela, Nelson"]
[Result "1/2-1/2"]
[WhiteElo "2088"]
[BlackElo "2298"]
[PlyCount "47"]
[EventDate "2011.03.02"]
[EventType "tourn (corr)"]
[EventRounds "6"]
[EventCountry "GER"]
[SourceTitle "Telechess CBM 147"]
[Source "ChessBase"]
[SourceDate "2012.03.16"]
[SourceVersion "1"]
[SourceVersionDate "2012.03.16"]
[SourceQuality "1"]

1. e4 c5 2. Nc3 d6 3. Nf3 Nf6 4. d4 cxd4 5. Nxd4 a6 6. Bg5 e6 7. f4 Qb6 8. Qd2 Qxb2 9. Rb1 Qa3 10. f5 Nc6 11. fxe6 fxe6 12. Nxc6 bxc6 13. Be2 Be7 14. 0-0 0-0 15. Rb3 Qc5+ 16. Kh1 Rf7 17. Be3 Qa5 18. Bb6 Qe5 19. Bd4 Nxe4 20. Qe3 Rxf1+ 21. Bxf1 Qf5 22. Bd3 e5 23. Qxe4 Qxe4 24. Bxe4 1/2-1/2

[Event "SA-2011-0-00186"]
[Site "LSS email"]
[Date "2011.03.27"]
[Round "?"]
[White "Both, Erik"]
[Black "Stilman, Eduardo"]
[Result "1-0"]
[WhiteElo "2141"]
[BlackElo "2072"]
[PlyCount "78"]
[EventDate "2011.03.08"]
[EventType "tourn (corr)"]
[EventRounds "6"]
[EventCountry "GER"]
[SourceTitle "Telechess CBM 157"]
[Source "ChessBase"]
[SourceDate "2013.11.12"]
[SourceVersion "1"]
[SourceVersionDate "2013.11.12"]
[SourceQuality "1"]

1. d4 Nf6 2. Bf4 g6 3. Nf3 Bg7 4. e3 0-0 5. Be2 c5 6. c3 b6 7. h3 Bb7 8. Nbd2 d6 9. 0-0 Nbd7 10. a4 a6 11. Bh2 Qc7 12. Qb1 e5 13. Rd1 Rfe8 14. Nc4 Bf8 15. Qc2 cxd4 16. cxd4 Rac8 17. Rdc1 e4 18. Nfd2 Qc6 19. Qd1 Qd5 20. b4 Qe6 21. Qb3 d5 22. Ne5 Nxe5 23. Bxe5 Nd7 24. Bg3 f5 25. Qb2 Nf6 26. Rab1 Nd7 27. Qa2 Nf6 28. Bc7 Re7 29. Bf4 Ree8 30. Qb2 Kg7 31. Bc7 Re7 32. Be5 Ree8 33. a5 b5 34. Qa3 Qe7 35. Rc5 Kg8 36. Rbc1 Nd7 37. Rxc8 Rxc8 38. Rxc8 Bxc8 39. Qc3 Bg7 1-0

[Event "SA-2011-0-00186"]
[Site "LSS email"]
[Date "2011.03.27"]
[Round "?"]
[White "Stilman, Eduardo"]
[Black "Benassi, Aspasio"]
[Result "1/2-1/2"]
[WhiteElo "2072"]
[BlackElo "2154"]
[PlyCount "37"]
[EventDate "2011.03.08"]
[EventType "tourn (corr)"]
[EventRounds "6"]
[EventCountry "GER"]
[SourceTitle "Telechess CBM 157"]
[Source "ChessBase"]
[SourceDate "2013.11.12"]
[SourceVersion "1"]
[SourceVersionDate "2013.11.12"]
[SourceQuality "1"]

1. e4 c6 2. c4 e6 3. d4 d5 4. e5 dxc4 5. Bxc4 c5 6. Nf3 Nc6 7. 0-0 cxd4 8. Nbd2 Nge7 9. Nb3 Nf5 10. Qe2 Be7 11. Rd1 0-0 12. g4 Nh4 13. Nbxd4 Nxd4 14. Nxd4 Qc7 15. Bf4 Ng6 16. Bg3 Bd7 17. Bb5 Rfd8 18. Bxd7 Rxd7 19. Nb5 1/2-1/2

[Event "SA-2011-0-00186"]
[Site "LSS email"]
[Date "2011.03.27"]
[Round "?"]
[White "Stilman, Eduardo"]
[Black "Nichols, Scott"]
[Result "1-0"]
[WhiteElo "2072"]
[BlackElo "2249"]
[PlyCount "99"]
[EventDate "2011.03.08"]
[EventType "tourn (corr)"]
[EventRounds "6"]
[EventCountry "GER"]
[SourceTitle "Telechess CBM 157"]
[Source "ChessBase"]
[SourceDate "2013.11.12"]
[SourceVersion "1"]
[SourceVersionDate "2013.11.12"]
[SourceQuality "1"]

1. e4 d6 2. d4 Nf6 3. f3 g6 4. Be3 Bg7 5. Qd2 0-0 6. Nc3 c6 7. Bh6 Bxh6 8. Qxh6 b5 9. h4 e5 10. 0-0-0 Qe7 11. h5 Na6 12. g4 Nc7 13. dxe5 dxe5 14. Nh3 Rb8 15. Ng5 Ne6 16. Rd2 Nxg5 17. Qxg5 Rb7 18. Be2 a6 19. Rhd1 Nd5 20. Qxe7 Nxe7 21. h6 Be6 22. Rd8 Rb8 23. R8d6 g5 24. b3 Rfc8 25. a4 Kf8 26. a5 Ra8 27. Na2 c5 28. Rb6 Nc6 29. Rd6 Nd4 30. Bd1 b4 31. Rxa6 Ke7 32. Kb2 Rd8 33. Rdb6 Rxa6 34. Rxa6 Rd6 35. Rxd6 Kxd6 36. c3 Nc6 37. a6 Kc7 38. Be2 Kb6 39. Nc1 f6 40. Kc2 Bg8 41. Nd3 bxc3 42. Kxc3 Nd4 43. Bf1 Nb5+ 44. Kd2 Nc7 45. Nb2 Bxb3 46. Kc3 Be6 47. Na4+ Kc6 48. a7 Kb7 49. Nxc5+ Kxa7 50. Bc4 1-0

[Event "ZH-2011-0-00553"]
[Site "LSS email"]
[Date "2011.03.22"]
[Round "?"]
[White "Jansen, Uwe"]
[Black "Stilman, Eduardo"]
[Result "0-1"]
[WhiteElo "1717"]
[BlackElo "2129"]
[PlyCount "90"]
[EventDate "2011.03.18"]
[EventType "match (corr)"]
[EventRounds "2"]
[EventCountry "GER"]
[SourceTitle "Telechess CBM 147"]
[Source "ChessBase"]
[SourceDate "2012.03.16"]
[SourceVersion "1"]
[SourceVersionDate "2012.03.16"]
[SourceQuality "1"]

1. e4 Nf6 2. e5 Nd5 3. d4 d6 4. Nf3 Nb6 5. Be2 g6 6. 0-0 Bg7 7. Nc3 0-0 8. exd6 cxd6 9. Re1 Nc6 10. Be3 Bg4 11. d5 Bxf3 12. Bxf3 Ne5 13. Rb1 Nbc4 14. Be4 Nxe3 15. Rxe3 Nc4 16. Rh3 Rc8 17. Qc1 Qa5 18. b3 Ne5 19. b4 Qb6 20. Rb3 f5 21. Bf3 Rxc3 22. Rxc3 Ng4 23. Re3 Nxe3 24. Qxe3 Qxe3 25. fxe3 Rc8 26. Bd1 Rc4 27. a3 Bb2 28. e4 fxe4 29. Rb3 Be5 30. Rh3 Rd4 31. Be2 Rd2 32. Kf2 Rxc2 33. Rh4 Ra2 34. Rxe4 Rxa3 35. b5 Kg7 36. g3 Kf6 37. Rh4 h5 38. Rc4 a5 39. bxa6 bxa6 40. Rc2 Bd4+ 41. Kg2 a5 42. Bb5 a4 43. Rd2 Bc5 44. Re2 Ra1 45. Kf3 g5 0-1

[Event "SA-2011-0-00179"]
[Site "LSS email"]
[Date "2011.02.14"]
[Round "?"]
[White "Korchut, Adam"]
[Black "Stilman, Eduardo"]
[Result "1/2-1/2"]
[WhiteElo "1911"]
[BlackElo "2072"]
[PlyCount "28"]
[EventDate "2011.01.18"]
[EventType "tourn (corr)"]
[EventRounds "6"]
[EventCountry "GER"]
[SourceTitle "Corr 2015"]
[Source "ChessBase"]
[SourceDate "2015.07.17"]
[SourceVersion "1"]
[SourceVersionDate "2015.07.17"]
[SourceQuality "1"]

1. e4 e5 2. Nf3 Nc6 3. Bb5 a6 4. Bxc6 dxc6 5. Nc3 Qd6 6. d4 exd4 7. Qxd4 Qxd4 8. Nxd4 Bd7 9. Bg5 h6 10. Bh4 g5 11. Bg3 0-0-0 12. 0-0-0 Bg7 13. h4 Ne7 14. hxg5 hxg5 1/2-1/2

[Event "LSS RM-2010-0-00068"]
[Site "LSS email"]
[Date "2011.02.13"]
[Round "?"]
[White "Stilman, Eduardo"]
[Black "Moessle, Harald"]
[Result "1-0"]
[WhiteElo "2088"]
[BlackElo "2239"]
[PlyCount "71"]
[EventDate "2010.11.30"]
[EventType "tourn (corr)"]
[EventRounds "6"]
[EventCountry "GER"]
[SourceTitle "Telechess CBM 147"]
[Source "ChessBase"]
[SourceDate "2012.03.16"]
[SourceVersion "1"]
[SourceVersionDate "2012.03.16"]
[SourceQuality "1"]

1. e4 d5 2. exd5 Qxd5 3. Nc3 Qd6 4. d4 Nf6 5. Nf3 a6 6. g3 Bg4 7. h3 Bh5 8. Bg2 Nc6 9. 0-0 0-0-0 10. Be3 e6 11. a3 Be7 12. Qe2 Nd5 13. Nxd5 exd5 14. b4 Bf6 15. Qd2 h6 16. Rab1 Rhe8 17. a4 b6 18. b5 axb5 19. Bf4 Qe7 20. axb5 Na5 21. g4 Bg6 22. Qc3 Be4 23. Ra1 g5 24. Bg3 Rd6 25. Bxd6 Qxd6 26. Nd2 Bxg2 27. Kxg2 Qf4 28. Nb3 Nc4 29. Rfe1 Kd7 30. Rxe8 Kxe8 31. Re1+ Kf8 32. Qa1 Kg7 33. Qa8 Bxd4 34. Nxd4 Qxd4 35. Qc6 Nd6 36. Qxc7 1-0

[Event "RA-2011-0-00121"]
[Site "LSS email"]
[Date "2011.02.02"]
[Round "?"]
[White "Sigurdsson, Johann Helgi"]
[Black "Stilman, Eduardo"]
[Result "1/2-1/2"]
[WhiteElo "2080"]
[BlackElo "2089"]
[PlyCount "73"]
[EventDate "2011.01.11"]
[EventType "tourn (corr)"]
[EventRounds "6"]
[EventCountry "GER"]
[SourceTitle "Telechess CBM 145"]
[Source "Chessbase"]
[SourceDate "2011.11.11"]
[SourceVersion "1"]
[SourceVersionDate "2011.11.11"]
[SourceQuality "1"]

1. Nf3 Nf6 2. b4 e6 3. a3 b6 4. e3 d5 5. Bb2 Be7 6. c4 0-0 7. Qc2 c5 8. bxc5 bxc5 9. Bd3 d4 10. exd4 Bb7 11. d5 exd5 12. Nc3 dxc4 13. Bxc4 Bxf3 14. gxf3 Nc6 15. Ne2 Rb8 16. Bc3 Bd6 17. 0-0 Nd4 18. Bxd4 cxd4 19. Rab1 Qc7 20. Nxd4 Bxh2+ 21. Kg2 Bf4 22. Rxb8 Rxb8 23. Re1 g6 24. Qc3 Kg7 25. Ba2 Rc8 26. Qxc7 Rxc7 27. d3 Rd7 28. Nc6 Nh5 29. d4 Bc7 30. Re7 Nf4+ 31. Kf1 Rxe7 32. Nxe7 Bd6 33. Nc6 Bxa3 34. Nxa7 h5 35. Nc6 h4 36. Ne5 Bb2 37. Nxf7 1/2-1/2

[Event "RA-2011-0-00121"]
[Site "LSS email"]
[Date "2011.02.02"]
[Round "?"]
[White "Stilman, Eduardo"]
[Black "Jovanovic, Bratislav"]
[Result "1-0"]
[WhiteElo "2089"]
[BlackElo "2083"]
[PlyCount "99"]
[EventDate "2011.01.11"]
[EventType "tourn (corr)"]
[EventRounds "6"]
[EventCountry "GER"]
[SourceTitle "Telechess CBM 145"]
[Source "Chessbase"]
[SourceDate "2011.11.11"]
[SourceVersion "1"]
[SourceVersionDate "2011.11.11"]
[SourceQuality "1"]

1. d4 d5 2. c4 c6 3. Nf3 dxc4 4. e3 b5 5. a4 e6 6. axb5 cxb5 7. b3 Bb4+ 8. Bd2 Bxd2+ 9. Nbxd2 a5 10. bxc4 b4 11. Ne5 Nf6 12. Qa4+ Nfd7 13. Be2 0-0 14. Bf3 Ra6 15. Nd3 e5 16. d5 f5 17. e4 Qb6 18. 0-0 fxe4 19. Bxe4 Qd4 20. Rae1 Nf6 21. Nf3 Qxc4 22. Ndxe5 Bd7 23. Qa1 Qc5 24. Rc1 Qb6 25. Bd3 Bb5 26. Bf5 Qb7 27. Rfe1 Bd7 28. Nxd7 Nbxd7 29. Re7 b3 30. Rce1 b2 31. Qb1 Qxd5 32. Bxd7 Nxd7 33. Rd1 Qf5 34. Qxb2 Nf6 35. Ne5 Re6 36. Qa2 Re8 37. Rxe8+ Nxe8 38. Re1 Kf8 39. Qxa5 g6 40. g4 Qf4 41. Qd5 Ng7 42. Kg2 Rxe5 43. Qxe5 Qxg4+ 44. Qg3 Qb4 45. Ra1 Qd4 46. Ra8+ Kf7 47. Qc7+ Kf6 48. Rf8+ Kg5 49. Qg3+ Kh6 50. Qh3+ 1-0

[Event "LSS RA-2010-0-00117"]
[Site "LSS email"]
[Date "2011.01.12"]
[Round "?"]
[White "Stilman, Eduardo"]
[Black "Le Duigou, Jean Guy"]
[Result "1/2-1/2"]
[WhiteElo "2088"]
[BlackElo "1885"]
[PlyCount "50"]
[EventDate "2010.12.23"]
[EventType "tourn (corr)"]
[EventRounds "6"]
[EventCountry "GER"]
[SourceTitle "Telechess CBM 147"]
[Source "ChessBase"]
[SourceDate "2012.03.16"]
[SourceVersion "1"]
[SourceVersionDate "2012.03.16"]
[SourceQuality "1"]

1. e4 e6 2. d4 d5 3. Nd2 c5 4. exd5 exd5 5. Ngf3 Nc6 6. Bb5 Bd6 7. dxc5 Bxc5 8. 0-0 Nge7 9. Nb3 Bd6 10. Re1 0-0 11. Bd2 Qc7 12. h3 Bd7 13. Rc1 Rad8 14. Bd3 Ng6 15. c4 dxc4 16. Bxc4 Bf4 17. Qc2 Bxd2 18. Nbxd2 Qf4 19. Qc3 Rfe8 20. Rcd1 Nce5 21. Nxe5 Nxe5 22. Nf1 Qxc4 23. Qxc4 Nxc4 24. Rxe8+ Rxe8 25. Rxd7 Rb8 1/2-1/2

[Event "LSS RA-2010-0-00117"]
[Site "LSS email"]
[Date "2011.01.12"]
[Round "?"]
[White "Vera, Heraclio"]
[Black "Stilman, Eduardo"]
[Result "1-0"]
[WhiteElo "2122"]
[BlackElo "2088"]
[PlyCount "103"]
[EventDate "2010.12.23"]
[EventType "tourn (corr)"]
[EventRounds "6"]
[EventCountry "GER"]
[SourceTitle "Telechess CBM 147"]
[Source "ChessBase"]
[SourceDate "2012.03.16"]
[SourceVersion "1"]
[SourceVersionDate "2012.03.16"]
[SourceQuality "1"]

1. e4 e5 2. Nf3 Nc6 3. Bb5 a6 4. Ba4 Nf6 5. 0-0 Be7 6. Qe2 b5 7. Bb3 0-0 8. c3 d5 9. d3 Re8 10. Re1 Bb7 11. Nbd2 Bf8 12. a3 Qd7 13. exd5 Nxd5 14. Ne4 f5 15. Qd1 Kh8 16. Ng3 g6 17. h4 Nf6 18. h5 f4 19. Ng5 Nd8 20. N3e4 Nxh5 21. Qe2 h6 22. Nf3 Kg7 23. Bd2 c5 24. Rad1 Nc6 25. Ba2 Nf6 26. b4 Nxe4 27. dxe4 Qc7 28. c4 cxb4 29. cxb5 axb5 30. Bxb4 Nxb4 31. axb4 Rxa2 32. Qxa2 Bxb4 33. Rc1 Qe7 34. Red1 Bxe4 35. Qe2 Bxf3 36. Qxf3 Qf7 37. Qc6 Re6 38. Qxb5 Be7 39. Rd7 Qf5 40. Qb8 Qf7 41. Ra7 Kf6 42. Rcc7 Kg5 43. Qb7 Kf6 44. g3 fxg3 45. fxg3 g5 46. Qf3+ Kg6 47. Qe4+ Kg7 48. Qb7 Kf6 49. g4 h5 50. Qf3+ Kg7 51. Qxf7+ Kxf7 52. gxh5 1-0